000 00829nam a22002177a 4500
008 240605b mp ||||| |||| 00| 0 mon d
035 _a10180
040 _aHE0623081
_bmon
_cMN-UlNLM
_dMN-UlNLM
_erda
041 _amon
042 _a21435
084 _2NNA
_a84(0)-44
_bД-393
100 _aДефо Даниэль
245 0 _aРобинзон Крузо
264 _aУБ.
_bХэвлэлийн комбинат
_c1980
300 _a213х.
336 _2rdacontent
_atext
_btxt
337 _2rdamedia
_aunmediated
_bn
338 _2rdacarrier
_avolume
_bnc
650 _aАгуулга : Английн зохиолч Даниэль Дефо дэлхийн уран зохиолд * Робинзон Крузо * романаараа мөнхөрсөн юм. 300 гаруй жилийн туршид...
942 _2NNA
_cBK
999 _c882280
_d882337